Islam zaman moden : cabaran dan konflik

Bibliographic Details
Main Author: Fadhlullah Jamil
Format: Book
Published: Selangor : Thinker's Library , 2005
Subjects:

MARC

LEADER 00000cam a2200000 7i4500
001 0000023654
005 20090820.0
008 081008
020 |a 967690659x 
090 0 0 |a 297   |b FAD 
100 0 |a Fadhlullah Jamil 
245 1 0 |a Islam zaman moden :   |b cabaran dan konflik   |c Fadhlullah Jamil 
260 |a Selangor :   |b Thinker's Library ,   |c 2005 
650 0 |a Islam and politics 
650 0 |a Islam   |x 20th century 
650 0 |a Islam   |x history 
999 |a 0001027617   |b Book   |c Adult Collection   |e Perbadanan Perpustakaan Awam Johor 
999 |a 0001058826   |b Book   |c Adult Collection   |e Cawangan AEON Kulaijaya 
999 |a 0001058827   |b Book   |c Adult Collection   |e Perbadanan Perpustakaan Awam Johor